000 012860000a22003250004500
003 EG-GICUC
005 20250223033010.0
008 070422s2007 ua f m 000 0 Eng d
040 _aEG-GICUC
_beng
_cEG-GICUC
041 0 _aEng
049 _aDeposite
097 _aM.Sc
099 _aCai01.13.01.M.Sc.2007.Ha.S
100 0 _aHazem Ibrahim Soltan
245 1 0 _aSpacecraft preliminary configuration and sizing /
_cHazem Ibrahim Soltan ; Supervised Gamal M.Elbayoumi , Ayman Hamdy Kassem
246 1 5 _aهيكلة وتحجيم الاقمار الصناعية
260 _aCairo :
_bHazem Ibrahim Soltan ,
_c2007
300 _a386P ;
_c30cm
502 _aThesis (M.Sc.) - Cairo University - Faculty Of Engineering - Department Of Aerospace Engineering
520 _aThis research describes the methodology and decision making involed in the process of spacecraft preliminary configuration and sizing this process depends on knowledge Engineering techniques
530 _aIssued also as CD
653 4 _aConfiguration
653 4 _aSpace mission
700 0 _aAyman Hamdy Kassem ,
_eSupervisor
700 0 _aGamal M.Elbayoumi ,
_eSupervisor
856 _uhttp://172.23.153.220/th.pdf
905 _aAml
_eCataloger
905 _aEsam
_eRevisor
942 _2ddc
_cTH
999 _c85881
_d85881